| 000 | 01306nam0a2200349 4500 | ||
|---|---|---|---|
| 001 | RU\NLR\bibl\1389706 | ||
| 005 | 20260406064818.0 | ||
| 010 | _a978-5-367-00911-8 | ||
| 021 |
_aRU _b2009-35923 _92171 |
||
| 035 | _a(nilc)RSL-KNO-004323274 | ||
| 035 | _a(NLR Aleph) 001381755 | ||
| 090 |
_a1106542 _c1106542 |
||
| 100 | _a20090421d2009 |||y0rusy50 ca | ||
| 101 | 1 |
_arus _cjpn |
|
| 102 | _aRU | ||
| 105 | _ay ||||||||| | ||
| 200 | 1 |
_aHardboiled _aHard luck _aОзеро _e[романы _eперевод с японского] _fБанана Есимото |
|
| 210 |
_aСанкт-Петербург _cАмфора _d2009 _eСПб. _gИПК Ленингр. изд-во |
||
| 215 |
_a332, [2] с. _d21 |
||
| 300 | _aЗагл. обл.: Озеро | ||
| 327 | 1 | _aСодерж.: Чистая совесть; Доля; Озеро | |
| 512 | 1 |
_6z48790 _aОзеро |
|
| 686 |
_aШ5(5Я)62-644 _2rubbk |
||
| 686 | _aШ6(5Я)67-440.4{Лз2318} | ||
| 700 | 1 |
_4070 _8rus _7ca _aЕсимото _bБ. _f1964- _gБанана _3RU\NLR\auth\7714515 _9124187 |
|
| 790 | 1 |
_4070 _8rus _7ca _aЕсимото _bБ. _f1964- _gБанана _3RU\NLR\auth\7714515 _9124187 |
|
| 801 | 0 |
_aRU _bРКП _c20090421 _grcr |
|
| 801 | 1 |
_aRU _bРГБ _c20090421 |
|
| 801 | 2 |
_aRU _bNLR _c20090706 _grcr |
|
| 942 | _cBOOK | ||
| 980 | _aNB | ||